8 größte Städte in der Demokratischen Republik Kongo - Statistiken

Allgemein
  • Dieses Quiz wurde 10 mal gespielt
  • Das Durchschnittsergebnis liegt bei 4 aus 8
Antwortstatistiken
Einwohner Antwort % Korrekt
7.274.000 Kinshasa
100%
683.000 Kisangani
67%
1.214.000 Mbuji-Mayi
67%
1.283.000 Lubumbashi
56%
720.000 Kananga
44%
472.000 Bukavu
22%
456.000 Kolwezi
11%
367.000 Likasi
0%
Keine übereinstimmenden Quizze gefunden
Verteilung der Resultate
Anzahl Personen mit jedem Resultat
Perzentil nach korrekt beantworteten Fragen
Ihre Resultats-Entwicklung
Sie haben dieses Quiz noch nicht gespielt